Quizzes
Events
Quiz Creation
Community
Videos
Private Events
Remove Ads
Sign In
Join for FREE
Feedback
Dark Mode
Quiz Categories
Sports
Geography
Music
Movies
Television
Just For Fun
Miscellaneous
History
Literature
Language
Science
Gaming
Entertainment
Religion
Holiday
For Kids
Quiz Lab
Recent
Popular Today
Quiz Kudos Today
Editor Picks
Curator Picks
Quizzes by...
Day
Popularity
Type
Ratings
Length
Year
Community
Subscriptions
Recent Discussions
Orange Saloon
Badges
Playlists
Quests
Create
Leaderboards
Showdown
Live 5
Trivia Bingo
Activity
Puzzle Library
Sporcle Events
Private Events
Virtual Trivia
Globe League
Become a Host
Pub Owners
SporcleCon
Opinionation
Our Games
Videos
Blog
Mobile Apps
Partnerships
Remove Ads and Go Orange
Feedback
Sports
Athletes
MLB
NBA
NHL
NFL
Soccer
Sports Teams
WWE
NCAA
Football
Premier League
Basketball
Baseball
Hockey
Golf
Tennis
Cricket
Rugby
Auto Racing
Olympics
World Cup
Sports
Athletes
MLB
NBA
NHL
NFL
Soccer
Sports Teams
WWE
NCAA
Football
Premier League
Basketball
Baseball
Hockey
Golf
Tennis
Cricket
Rugby
Auto Racing
Olympics
World Cup
Random Quiz
Search Sporcle
×
Quiz Lab
Quiz Lab
Sports
MVP
Type in answers that appear in a list
Type in answers that appear in a list
Classic
Best Score? Go Orange.
Scrambled Super Bowl MVPs Stats
Can you name the Scrambled Super Bowl MVPs?
By
crazylegs
5m
40 Questions
183 Plays
183 Plays
183 Plays
Comments
Comments
Give Quiz Kudos
Give Quiz Kudos
-
- Ratings
hide this ad
More Info
Forced Order
Answers have to be entered in order
Answers have to be entered in order
Random Order
Randomize order of answers
Randomize order of answers
Replay
Link that replays current quiz
Next Quiz
Link to next quiz in quiz playlist
You Got
0%
They Got
Avg Score
66%
Avg Friend Score
Upgrade to see
Score Distribution
Jump to the score distribution portion of the page
Score
0/40
Timer
05:00
0
Plays Today
Hint
Answer
% Correct
EJO OTAMANN
JOE MONTANA
88%
MTO ARBYD
TOM BRADY
83.1%
LIE GNANINM
ELI MANNING
82%
TRBA ARTSR
BART STARR
81.4%
NOTEYP NNNMAIG
PEYTON MANNING
81.4%
LHPI MISMS
PHIL SIMMS
80.9%
RYJRE CREI
JERRY RICE
80.3%
ERDW EERSB
DREW BREES
77.6%
VEETS GOUNY
STEVE YOUNG
76%
ELN SDANWO
LEN DAWSON
75.4%
IJM TEKNLUPT
JIM PLUNKETT
75.4%
LNYL NAWSN
LYNN SWANN
73.8%
RYOT MANKIA
TROY AIKMAN
72.7%
TRKU NRAWER
KURT WARNER
72.7%
OGUD LIMLIAWS
DOUG WILLIAMS
72.1%
KJAE TSOCT
JAKE SCOTT
71.6%
RETYR HAWDSRAB
TERRY BRADSHAW
69.9%
OEJ HAMANT
JOE NAMATH
68.9%
NHEIS DAWR
HINES WARD
68.9%
YRA WLIES
RAY LEWIS
68.3%
Hint
Answer
% Correct
RYALR NOBRW
LARRY BROWN
67.8%
HJNO LEYAW
JOHN ELWAY
67.8%
MOSDEND ROWADH
DESMOND HOWARD
66.1%
RALRY ONSCKA
LARRY CSONKA
65%
XRDTEE NKAJCON
DEXTER JACKSON
63.4%
NODIE CRANBH
DEION BRANCH
63.4%
CARNFO SIHARR
FRANCO HARRIS
62.3%
VARHEY TIMARN
HARVEY MARTIN
61.2%
MITEMT HISMH
EMMITT SMITH
60.7%
HACRRID NEDT
RICHARD DENT
59%
SCRUMA LELAN
MARCUS ALLEN
56.8%
KAMR YPRINE
MARK RYPIEN
56.3%
GEORR BSACAHTU
ROGER STAUBACH
53.6%
RTLEERT SAIVD
TERRELL DAVIS
52.5%
NJOH GIRNGIS
JOHN RIGGINS
51.4%
NOTSNIAO LEHMSO
SANTONIO HOLMES
50.3%
NRAYD HEWTI
RANDY WHITE
47.5%
TISTO SEDANRON
OTTIS ANDERSON
42.1%
DEFR KONEBLIFITF
FRED BILETNIKOFF
41.5%
HCUKC EHLOWY
CHUCK HOWLEY
41%
Quiz Playlist
Details
Report
Send in Message
Add To Playlist
More Info:
Full names must be entered
Classic:
Type in answers that appear in a list
Forced Order:
Answers have to be entered in order
Random Order:
Randomize order of answers
Quiz Source
Last Updated: Feb 16, 2017
Quiz Scoreboard
CHALLENGE
Sign Up to Join the Scoreboard
Show All
Scores
Hide
Comments
May contain spoilers
Recently Published
Decade Duel: World Leaders
by jenniferyan
History
4m
Alphabetical 'K' Countries by Flag Minefield
by ylime102
Geography
3m
Pick 6: Fruits
by JohnFran
Miscellaneous
15s
More to Explore
Quiz From the Vault
Featured Blog Post
15 Basketball Trivia Facts You Can Be March Mad About
hide this ad
You Might Also Like...
Tags
Bowl
MVP
scramble
Today's Top Quizzes in Sports
Browse Sports
hide this ad
Today's Top Quizzes in MVP
Browse MVP
Top Contributed Quizzes in Sports
1
Les joueurs à 100 buts en Ligue 1 Uber Eats
2
2022 World Cup Stars
3
Pick 6: NFL Teams
4
MLB 2 truths and a lie: Hall of Fame pitchers
5
Pick 6: Minor League Baseball
6
Millionaire: NBA Finals Edition
7
Pick 6: Olympics
8
Click the 1998 NBA Draft
9
Criteria MLB: Left Handed Sluggers
10
NBA Logic Puzzle 2.0
Explore More
Trending Topics
Anime
Crossword
NBA
Marvel
Kpop
Disney
Harry Potter
The Office
Soccer
Song
Country
Pokémon
Puzzle
WWE
NFL
hide this ad
More By:
crazylegs
Quiz
Plays
Rating
Category
Featured
Created
State by Single Letter
154,078
4.47
Geography
Dec 18, 2010
Largest Urban Areas per Continent
119,962
4.14
Geography
Nov 14, 2010
Countries with a Foreign Film Oscar
64,485
4.16
Movies
Feb 11, 2011
Oscar Winners: Which Movie?
61,701
4.24
Movies
Jun 14, 2011
Historical Threesomes
60,486
3.88
History
Dec 8, 2010
Go to Creator's Profile
Score Distribution
Quiz Creator Spotlight
crazylegs
Follow
Send a Message
Quizzes Created
-
Created Quiz Play Count
-
More By This Creator
Popular Quizzes Today
1
Countries of Asia Without Outlines Minefield
2
Find the US States - No Outlines Minefield
3
Pick 6: Fruits
4
The Countries of the World
5
Alphabetical 'K' Countries by Flag Minefield
6
Find the Countries of Europe - No Outlines Minefield
7
US States
8
Find the US States
More Sports Quizzes
FIFA Hosts by Logo
Curator's Pick
Trending Quizzes
Pick 6: Mountains
Pick 6: Harry Potter
Pick 6: Flags
Pick 6: NFL Teams
Pick 6: Movie Franchises
Recently Updated
Adaptations: Name the Title
pecheneg
NWSL Teams
pecheneg
Women's Final Four Teams by Year
bhenderson79
Presidents Quartet II
eogle
Anything But Clue(do)
eogle
Anything But Oceanian Capitals
eogle
Anything But 7
eogle
Anything But Thing
eogle
Word Ladder: February 29
pecheneg
Song Title Questions
pecheneg
Trending Topics
NBA
Kpop
Disney
Harry Potter
Marvel
Anime
Crossword
Song
Country
Puzzle
WWE
The Office
NFL
Pokémon
Soccer
Your Account Isn't Verified!
In order to create a playlist on Sporcle, you need to verify the email address you used during registration. Go to your
Sporcle Settings
to finish the process.
Report this User
Report this user for behavior that violates our
Community Guidelines
.
Details:
Send Report
Go to the Sporcle.com Mobile Site →
Comments